Statistics for Countries with Territorial Claims in Antarctica

Click here to take the quiz!

General Stats

  • This quiz has been taken 24,961 times
  • The average score is 6 of 7

Answer Stats

Countries % Correct
United Kingdom
90%
Australia
90%
Argentina
89%
Chile
83%
New Zealand
82%
France
75%
Norway
63%

Score Distribution

Percentile by Number Answered

Percent of People with Each Score

Your Score History

You have not taken this quiz